Timber Bulletin for Europe January-December 1979

Enregistré dans:
Détails bibliographiques
Format: Livre
Langue:anglais
Publié: New York United Nations 1980
Tags: Ajouter un tag
Pas de tags, Soyez le premier à ajouter un tag!

MARC

LEADER 00000nam a2200000 4500
001 c141139
005 20041019155321.0
041 0 |a eng 
044 |a US 
245 1 0 |a Timber Bulletin for Europe  |b January-December 1979 
264 1 |a New York  |b United Nations  |c 1980 
300 |a 125 s.